000 00697nam a2200289Ia 4500
005 20260324121652.0
008 008 260324s9999 xx 000 0 eng d
020 _a9781315633749
037 _aEBOOK
040 _aCRL
040 _beng
040 _cCRL
041 _2eng
041 _aeng
084 _qCRL
100 _aJoe R. Feagin; José A. Cobas
_91163403
245 0 _aLatinos Facing Racism
245 0 _bDiscrimination, Resistance, and Endurance
260 _bTaylor and Francis
260 _c2014
365 _a
365 _b290
856 _uhttp://www.taylorfrancis.com/books/9781315633749
942 _cEBOOK
999 _c1755663
_d1755663